Žitá zkušenost s chudobou napříč generacemi: impulzy pro sociální práci

Skúsenosti s chudobou v jednotlivých generáciách a odhalenie faktorov, ktoré prispievajú k pretrvávaniu chudoby v rodinách. Analyzované príbehy ukazujú, ako triedne, etnické a rodové nerovnosti ovplyvňujú individuálne skúsenosti s chudobou naprieč generáciami. Odhaľujú, ako tieto nerovnosti spolu s...

Descrizione completa

Salvato in:
Dettagli Bibliografici
Autore principale: Broskevičová, Zuzana
Natura: Capitolo di libro
Lingua:ceco
Soggetti:
Tags: Aggiungi Tag
Nessun Tag, puoi essere il primo ad aggiungerne!!

MARC

LEADER 00000naa a2200000 4500
001 0304763
005 20241023111706.3
041 0 |a cze 
044 |a CZ 
245 1 0 |a Žitá zkušenost s chudobou napříč generacemi: impulzy pro sociální práci  |c Zuzana Broskevičová 
520 |a Skúsenosti s chudobou v jednotlivých generáciách a odhalenie faktorov, ktoré prispievajú k pretrvávaniu chudoby v rodinách. Analyzované príbehy ukazujú, ako triedne, etnické a rodové nerovnosti ovplyvňujú individuálne skúsenosti s chudobou naprieč generáciami. Odhaľujú, ako tieto nerovnosti spolu s krízami v spoločnosti obmedzujú možnosti a schopnosti mladých ľudí a ich rodín prekonať chudobu a zároveň poukazujú na ich rezistenciu. Pochopenie komplexnosti faktorov, ktoré stoja za pretrvávaním chudoby naprieč generáciami, umožňuje sociálnej práci identifikovať príležitosti a prekážky sociálnej mobility mladých ľudí, na ktoré môže sociálna práca reagovať vypracovaním nových stratégií boja proti chudobe. 
610 2 0 |a práca sociálna 
610 2 0 |a rodina 
610 2 0 |a chudoba 
610 2 0 |a dôsledky sociálne 
610 2 0 |a nerovnosť rodová 
610 2 0 |a generácie 
610 2 0 |a mobilita sociálna 
100 1 |a Broskevičová, Zuzana